Yugpurush: Pandit Deendayal Upadhyaya (Record no. 9013)
[ view plain ]
| 000 -LEADER | |
|---|---|
| fixed length control field | 00425nam a2200157Ia 4500 |
| 020 ## - INTERNATIONAL STANDARD BOOK NUMBER | |
| ISBN | 9789382281443 |
| 082 ## - DEWEY DECIMAL CLASSIFICATION NUMBER | |
| Classification number | 954.04092 SHA-Y |
| 100 ## - MAIN ENTRY--AUTHOR NAME | |
| Personal name | Sankhla, Manoj |
| 245 #0 - TITLE STATEMENT | |
| Title | Yugpurush: Pandit Deendayal Upadhyaya |
| 260 ## - PUBLICATION, DISTRIBUTION, ETC. (IMPRINT) | |
| Place of publication | New Delhi |
| Name of publisher | Raj Publications |
| Year of publication | 2017 |
| 300 ## - PHYSICAL DESCRIPTION | |
| Number of Pages | 135p |
| 650 ## - SUBJECT ADDED ENTRY--TOPICAL TERM | |
| Topical Term | Political |
| Form subdivision | Biography |
| 650 ## - SUBJECT ADDED ENTRY--TOPICAL TERM | |
| Topical Term | Deendayal Upadhayay |
| Form subdivision | Biography |
| Geographic subdivision | 1916-68 |
| 650 ## - SUBJECT ADDED ENTRY--TOPICAL TERM | |
| Topical Term | JanSangh |
| Form subdivision | Political party |
| 942 ## - ADDED ENTRY ELEMENTS (KOHA) | |
| Koha item type | Books |
| Withdrawn status | Lost status | Damaged status | Not for loan | Collection code | Home library | Current library | Date acquired | Source of acquisition | Bill Date | Full call number | Accession Number | Price effective from | Koha item type | Public note |
|---|---|---|---|---|---|---|---|---|---|---|---|---|---|---|
| हिंदी पुस्तकों पर विशेष संग्रह | NASSDOC Library | NASSDOC Library | 23/10/2017 | OP | 2017-10-13 | 954.04092 SHA-Y | 49458 | 18/04/2019 | Books | हिंदी पुस्तकों पर विशेष संग्रह |
